Word Ladder: Sunday Boast Quiz Stats

Quiz Updated Nov 9, 2014

Challenge
Share
Tweet
Embed
Score 0/45 Timer 04:00
0 Plays Today
Hint 4-Letter Word % Correct
Put beer in your glassPOUR
97.3%
Breast cancer awareness colorPINK
93.9%
♒ CROSS ____ HEART ♒♒ YOUR ♒
93.1%
Sulk, like when your team losesPOUT
92.3%
Owl soundHOOT
90.4%
Small horsePONY
87.8%
Young hooliganPUNK
87.8%
Holds up a fencePOST
86%
InviterHOST
84.8%
♒ SMALL & WEAK ♒♒ PUNY ♒
83.5%
♒ ____ TOUCH THIS ♒♒ CAN'T ♒
83.2%
♒ INFLATED PIGSKIN ♒♒ BALL ♒
81.7%
Stole furMINK
80.8%
♒ PUNTING APPENDAGE ♒♒ FOOT ♒
80.6%
Portrait posturePOSE
79.4%
Sherry alternativePORT
79.3%
Was once wrapped in a pigskinPORK
77.5%
Ernie's broBERT
77.1%
Breathe heavilyPANT
76.2%
Nanu-nanu saying alienMORK
75.9%
CornbreadPONE
75.5%
Patty or tuna ____MELT
74.9%
Denver's ____ High StadiumMILE
74.6%
Hint 4-Letter Word % Correct
Trappist, e.g.MONK
73.3%
Empty this boatBAIL
72.5%
Burger essentialMEAT
70.6%
Grain grinderMILL
70.2%
Jaguars and Dolphins team colorTEAL
69.1%
♒ PATROLMAN'S ROUTE ♒♒ BEAT ♒
69%
Pell ____MELL
68.4%
♒ LAND OR GOLD ____♒ MINE ♒
67.6%
NFL legend StarrBART
67.1%
Kind of sugar or candyCANE
64.8%
Poker hintTELL
63.7%
Bottled upPENT
63.3%
Candy wrapperFOIL
63.2%
Opposing team's fanFOOL
63.1%
Like Dallas Cowboy Ed JonesTALL
62.9%
Pre-cook bratwurstBOIL
62.4%
♒ NFL FRANCHISE ♒♒ TEAM ♒
61%
Injured player conveyanceCART
58%
PerkyPERT
56%
Kind of packageCARE
53.8%
Hair frizzerPERM
52%
Kind of insuranceTERM
50.4%

Today's Daily Dose

You're not logged in!

Compare scores with friends on all Sporcle quizzes.
Sign Up with Email
OR
Log In

You Might Also Like...

Show Comments

Extras

Top Quizzes Today


Score Distribution

Your Account Isn't Verified!

In order to create a playlist on Sporcle, you need to verify the email address you used during registration. Go to your Sporcle Settings to finish the process.